Sanat "Olisitpa sylissäni" - Antti Ketonen - Statistics

Yleistilastot
  • Tätä visaa on pelattu 22 kertaa
  • Keskiarvotulos 86 / 164
Vastaustilastot
Vastaus % Oikein
olisitpa
94%
sylissäni
94%
koskettaisit
88%
sydäntäni
88%
lähelläni
76%
71%
ei
65%
ja
65%
65%
on
65%
en
59%
sisintäni
59%
sun
59%
kai
53%
kun
53%
miksi
53%
saan
53%
sen
53%
sua
53%
tuo
53%
aika
47%
iltaisin
47%
käyn
47%
mietin
47%
nukkumaan
47%
oikea
47%
ollut
47%
pakenin
47%
saanutkaan
47%
minä
41%
vieläkin
41%
hiustesi
35%
niin
35%
rakkauttakin
35%
suojassa
35%
toisinaan
35%
vaahteran
35%
vaan
35%
Vaikka
35%
vanhan
35%
ehkä
29%
hennosta
29%
juopua
29%
kaipauksen
29%
kanssasi
29%
kyllä
29%
luotasi
29%
luovu
29%
mennyt
29%
mennyttä
29%
muistoissa
29%
muistoista
29%
olla
29%
onneton
29%
tieni
29%
tunnet
29%
tuoksusta
29%
vaikkakin
29%
vain
29%
vei
29%
ymmärrän
29%
hetkiä
24%
hetkisen
24%
muistelet
24%
muualla
24%
myös
24%
oisitkin
24%
onnesi
24%
salaa
24%
suudelmien
24%
yhä
24%
kuumien
18%
valvot
18%
yössä
18%
suukoista
12%
varjosta
12%
mutta
6%
Ehtoja vastaavia visoja ei löytynyt
Tulosjakauma
Jokaisen tuloksen saaneiden osuus
Persentiili vastausten määrän mukaan
Tuloshistoriasi
Et ole pelannut tätä visaa